[Event "elllobregat Open-A 2019"]
[Site "El Prat de Llobregat"]
[Date "2019.12.09"]
[Round "7.11"]
[White "Verstraeten, Rein"]
[Black "Girish, A. Koushik"]
[Result "1-0"]
[WhiteElo "2365"]
[BlackElo "2506"]
[Annotator "TA"]
[PlyCount "163"]
[EventDate "2019.12.03"]
[EventType "swiss"]
[EventCountry "ESP"]
[SourceTitle "playchess.com"]
[Source "ChessBase"]
[SourceQuality "1"]

{[%evp 17,163,8,26,23,29,30,25,17,20,12,14,6,12,6,0,-8,8,0,0,-40,-27,-46,0,0,0,0,0,0,0,0,0,0,0,0,0,-136,-4,-4,-4,-6,-5,0,37,35,37,18,37,36,111,64,111,118,136,145,150,152,151,149,168,152,157,157,162,156,157,118,182,177,196,201,214,219,236,208,289,242,309,309,302,302,520,0,42,0,379,903,903,909,905,856,514,190,175,190,897,906,872,815,373,240,1085,1085,921,373,872,373,330,247,950,803,916,810,760,747,743,625,643,599,476,469,598,592,4137,4137,4163,4163,6075,5666,4726,4163,4156,4156,4137,4133,6739,4133,29976,29977,29977,29972,29978,29979,29980,29981,29980,29982,29982,29983]} 1. d4 Nf6 2. c4 e6 3. Nf3 d5 4. g3 Bb4+ 5. Bd2 Be7 6. Bg2 O-O 7. O-O c6 8. Qc2 Nbd7 9. Rd1 Ne4 10. Bf4 {E11: Bogo-Indian} g5 11. Bc1 f5 12. Nc3 {White has an edge.} Bf6 13. b3 (13. e3 Rf7 14. b3 b6 15. Bb2 Bb7 16. Rac1 Qe8 17. Ne2 Rc8 {½-½ (53) Caruana,F (2802)-Nakamura,H (2786) chess.com INT 2017}) 13... Qe7 {[#]} 14. Bb2 $146 ({Predecessor:} 14. a4 Qg7 15. e3 h5 16. Ba3 Rf7 17. Rac1 h4 {1-0 (64) Dziuba,M (2559)-Barski,R (2471) Chorzow 2019}) 14... Qg7 15. e3 Rf7 16. a4 a5 17. Ne2 h5 18. Nc1 h4 19. Nd3 hxg3 20. hxg3 Qh6 21. Kf1 g4 22. Nfe5 Nxe5 $1 23. dxe5 Bg5 $1 24. Ke2 Qh2 25. Rg1 b6 26. Kf1 {[#]} (26. Nf4 $11 {remains equal.} Bxf4 27. exf4) 26... Ba6 (26... Bxe3 $1 $17 {[%mdl 512]} 27. fxe3 dxc4 28. bxc4 Ba6) 27. Rh1 $11 {[#]} Nxg3+ $1 {[%mdl 512]} 28. fxg3 Qxg3 29. Qf2 Qxe3 30. Qxe3 Bxe3 31. Ke2 f4 32. Rh4 $36 {[%mdl 2048] White is pushing.} Rg7 ({Black should try} 32... dxc4 $14 33. Rxg4+ Rg7 34. Rxg7+ Kxg7 35. bxc4 Rh8) 33. Rah1 $16 Rf8 34. cxd5 cxd5 {[#]} 35. Bxd5 $1 {[%mdl 512]} Kf7 (35... exd5 36. e6) 36. Bc4 Bxc4 37. bxc4 g3 38. Nxf4 g2 39. Kxe3 {Strongly threatening Rg1.} gxh1=Q 40. Rxh1 Rc8 41. Nh5 Rg2 (41... Rg5 $16 {was worth a try.}) 42. Rf1+ $18 Kg8 43. Ba3 $1 Rh2 44. Nf6+ Kh8 45. Kd4 Rc2 46. Kd3 R2xc4 {And now ...Rc3+ would win.} 47. Rh1+ Kg7 {Hoping for ...Rc3+.} 48. Rg1+ $1 Kh8 $2 {[#]} (48... Kf7 {might work better.}) 49. Rh1+ $2 ({Only move:} 49. Rg8+ $1 $18 {[%mdl 512]} Rxg8 50. Kxc4) 49... Kg7 $14 {...Rc3+ is the strong threat.} 50. Rg1+ $2 {[%mdl 8192]} (50. Ne8+ $14 Kg8 51. Rg1+ Kh8 52. Rh1+ Kg8 53. Rg1+ Kh8 54. Nd6 Rc3+ 55. Kd2 Rc2+ 56. Kd1) 50... Kh8 $1 $18 {[#] White must now prevent ...Rc3+.} 51. Rg8+ $1 {[%mdl 512]} Rxg8 52. Kxc4 Rg1 53. Nd7 Rb1 54. Bd6 $2 (54. Kc3 b5 55. Kc2) 54... Kg7 {[#]} 55. Kd3 $1 Kg6 $2 (55... Kf7 56. Kc2 Rh1 57. Nxb6 Ke8) 56. Kc2 Rh1 57. Nxb6 Kf5 58. Nc4 Ke4 $2 (58... Ra1 59. Ba3 Ke4) 59. Nxa5 Kd5 60. Nb3 (60. Kb3 $142 Rh2 61. Nb7) 60... Rh3 $2 (60... Rh4 61. Nc5 Rh5) 61. Nd2 (61. a5 $142 Kc4 62. Nc5 Rh2+ 63. Kd1) 61... Kc6 62. Bb4 Re3 $2 (62... Kd5 63. Bc3 Rh2) 63. Bc3 Kc5 64. Kb3 Rh3 65. Ne4+ Kd5 66. Nf6+ Kc5 67. Ne8 Rh8 68. Nc7 Rb8+ 69. Nb5 Rc8 70. Bb4+ Kd5 71. Bd6 Rc1 72. Nc7+ Kc6 73. Nxe6 Rb1+ 74. Kc4 Rc1+ 75. Kb4 Rb1+ 76. Ka5 Kd5 77. Nc7+ {White mates.} Kc6 78. Nb5 Re1 79. Nd4+ Kd5 80. Nc2 Re2 81. Nb4+ Kc4 82. Kb6 {Accuracy: White = 68%, Black = 39%.} 1-0

[Event "elllobregat Open-A 2019"]
[Site "El Prat de Llobregat"]
[Date "2019.12.09"]
[Round "7.12"]
[White "Mendonca, Leon Luke"]
[Black "Erenberg, Ariel"]
[Result "1/2-1/2"]
[WhiteElo "2398"]
[BlackElo "2479"]
[Annotator "TA"]
[PlyCount "128"]
[EventDate "2019.12.03"]
[EventType "swiss"]
[EventCountry "ESP"]
[SourceTitle "playchess.com"]
[Source "ChessBase"]
[SourceQuality "1"]

{[%evp 25,128,0,15,0,43,-28,0,-25,-5,-11,0,0,0,-13,-16,-24,-25,-39,0,-18,0,-18,-14,-18,-11,-12,-16,-38,-12,-137,-137,-137,-155,-122,-143,-142,-143,-169,-169,-266,-301,-291,-264,-277,-246,-246,-49,-110,-106,-91,-8,-8,-8,-8,-8,-16,0,-8,-8,-8,-8,-8,-8,-8,-8,-8,-8,-8,-8,-8,-8,-8,-8,-8,-8,-8,-8,-8,-8,-8,0,-8,-8,-8,-8,-8,-8,-8,-8,-8,-8,-8,-8,-8,-8,-8,0,-8,-8,-8,-8,-8,-8,-8,-8]} 1. d4 Nf6 2. c4 e6 3. Nc3 Bb4 4. e3 O-O 5. Bd3 d5 6. a3 Bxc3+ 7. bxc3 b6 8. Ne2 c5 9. O-O Ba6 10. cxd5 exd5 11. Bxa6 Nxa6 12. Qd3 Nc7 13. f3 Re8 14. Ng3 {E49: Nimzo-Indian: Rubinstein: 5 Bd3 d5 6 a3 Bxc3+ 7 bxc3} (14. dxc5 bxc5 15. c4 Rb8 16. Ra2 Ne6 17. Rd2 dxc4 18. Qxc4 Qb6 19. Rb2 Qd6 20. e4 Nd7 21. Rd2 Nb6 {½-½ (31) Santos Latasa,J (2582)-Cuenca Jimenez,J (2506) Linares 2018}) 14... h5 15. Bb2 (15. e4 $14) 15... h4 $146 ({Predecessor:} 15... Ne6 16. Rae1 Qd7 17. e4 h4 18. Nf5 cxd4 19. cxd4 dxe4 20. fxe4 {1-0 (29) Gerzhoy,L (2459)-Panjwani,R (2392) Montreal 2012}) 16. Nh1 Qd7 17. Nf2 Qb5 18. Qd2 Re7 19. Rae1 Rae8 20. Re2 Ne6 {[%cal Bc7e6,Be6d8,Bd8c6,Bc6a5,Ba5c4][%mdl 32]} 21. Nh3 Nd8 22. Nf4 Nc6 23. Rfe1 Na5 24. Qc2 Nc4 {[%cal Re7e3]} 25. Bc1 $1 Nd6 26. Nd3 cxd4 27. exd4 (27. a4 $11 Qd7 28. cxd4) 27... Rxe2 $17 28. Rxe2 Rxe2 29. Qxe2 Qb1 30. Kf2 {[#]} Nde4+ $1 {[%mdl 512]} 31. fxe4 dxe4 32. Ne5 (32. Bd2 $142 exd3 33. Qf3) 32... Qxc1 $19 {[%mdl 64] Double Attack} 33. Qc4 Qd2+ 34. Kf1 Qd1+ 35. Kf2 Qh5 $2 (35... Qc2+ $19 36. Ke3 Kh7) 36. Qc8+ (36. Ke1 $15) 36... Kh7 $17 37. c4 {[#]} a5 ({Better is} 37... Ng8 $1 $17 {[%cal Rg8h6] ...Nh6 is the strong threat.} 38. Qg4 Qxg4 39. Nxg4 f6) 38. a4 $1 $11 {The position is equal.} Ng8 39. Qg4 $132 {[%mdl 2048] White has counterplay} Qxg4 40. Nxg4 {[%mdl 4096] Endgame KN-KN} Ne7 41. Ne5 f6 42. Nd7 Nc8 43. Ke3 f5 $1 44. Ne5 g5 45. g4 hxg3 46. hxg3 Kg7 47. g4 Kf6 48. gxf5 Kxf5 {And now ...Nd6 would win.} 49. Nf7 $1 g4 {Strongly threatening ...g3.} 50. Nh6+ Kg5 {[#]} 51. Nxg4 $1 {[%mdl 512]} Kxg4 52. Kxe4 {KN-K3P} Kg5 53. c5 Kf6 {aiming for ...Ke6.} 54. Kd5 $1 Ke7 55. Kc6 bxc5 56. dxc5 {KN-KPP} Ke6 57. Kb5 Kd5 58. Kxa5 Kxc5 {KN-KP} 59. Ka6 Kc6 60. Ka5 Kc5 61. Ka6 Nd6 62. Ka7 Kc6 63. Kb8 Kb6 64. a5+ Kxa5 {Accuracy: White = 48%, Black = 58%.} 1/2-1/2

[Event "elllobregat Open-A 2019"]
[Site "El Prat de Llobregat"]
[Date "2019.12.09"]
[Round "7.13"]
[White "Kobo, Ori"]
[Black "Dhulipalla Bala Chandra Prasad"]
[Result "1/2-1/2"]
[WhiteElo "2457"]
[BlackElo "2414"]
[Annotator "TA"]
[PlyCount "95"]
[EventDate "2019.12.03"]
[EventType "swiss"]
[EventCountry "ESP"]
[SourceTitle "playchess.com"]
[Source "ChessBase"]
[SourceQuality "1"]

{[%evp 9,95,33,31,29,35,20,20,19,27,0,13,14,25,16,19,0,3,-18,29,14,16,19,16,21,35,36,35,35,26,16,36,47,50,56,46,51,35,41,52,28,28,20,31,17,37,24,75,24,27,22,19,18,60,52,79,79,77,83,69,80,121,45,52,42,29,0,8,14,25,0,6,0,37,15,15,2,6,7,5,8,8,8,12,0,0,0,0,0]} 1. d4 d5 2. c4 c6 3. Nf3 Nf6 4. e3 Bg4 5. h3 Bh5 6. g4 {D11: Slav Defence: 3 Nf3 sidelines and 3...Nf6 4 e3 Bg4} Bg6 7. Ne5 Nbd7 (7... e6 8. Nd2 Nbd7 9. h4 dxc4 10. Bxc4 Nxe5 11. dxe5 Ne4 12. h5 Nxd2 13. Bxd2 Bd3 {½-½ (49) Shankland,S (2731)-Robson,R (2667) Saint Louis 2019}) 8. Nxg6 hxg6 9. Bg2 dxc4 10. Nd2 {[%cal Bb1d2,Bd2c4,Bc4e5][%mdl 32]} e5 11. Nxc4 Qc7 12. Bd2 $146 ({Predecessor:} 12. dxe5 Nxe5 13. Qd4 Nfd7 14. Nxe5 Nxe5 {1-0 (44) Forintos,G-Sapi,L Budapest 1964}) 12... exd4 $1 13. exd4 Be7 14. Rc1 O-O 15. O-O Nb6 {[%cal Bd7b6,Bb6d5,Bd5f4][%mdl 32]} 16. Ne5 a5 17. Qe1 Bb4 18. Bxb4 axb4 19. Qxb4 {Black should prevent Qb3.} Nbd5 20. Qd2 Qa5 21. Qxa5 Rxa5 22. a3 Nf4 {next ...Ne2+ is good for Black.} 23. Rfe1 Ra4 24. Rcd1 Rd8 25. Nf3 Ne6 26. Bf1 Kf8 {[%cal Re6d4]} 27. Kg2 Rd5 (27... Rd6 $11 {remains equal.}) 28. Re5 ({White should try} 28. Ne5 $16) 28... Rd7 29. Re3 Nd5 30. Ree1 Nf6 31. Ne5 Rdxd4 32. Rxd4 Rxd4 {[#]} 33. Nxg6+ $1 {[%mdl 512]} Kg8 (33... fxg6 34. Rxe6) 34. Ne5 Nf4+ 35. Kf3 (35. Kg3 $16) 35... g5 $14 36. Rc1 Kg7 37. b4 N6d5 38. Kg3 Nf6 39. Kf3 N6d5 40. Kg3 {aiming for Nf3.} Nf6 41. Nc4 Nd3 {The position is equal.} 42. Ne3 Ne4+ 43. Kg2 Nf4+ 44. Kg1 {[#] Strongly threatening Nf5+.} Rd2 45. Rc2 Kf6 46. a4 Rxc2 47. Nxc2 Ke5 48. b5 {Accuracy: White = 53%, Black = 57%.} 1/2-1/2

[Event "elllobregat Open-A 2019"]
[Site "El Prat de Llobregat"]
[Date "2019.12.09"]
[Round "7.14"]
[White "Bryakin, Mikhail"]
[Black "Di Nicolantonio, Lucas"]
[Result "1/2-1/2"]
[WhiteElo "2428"]
[BlackElo "2408"]
[Annotator "TA"]
[PlyCount "128"]
[EventDate "2019.12.03"]
[EventType "swiss"]
[EventCountry "ESP"]
[SourceTitle "playchess.com"]
[Source "ChessBase"]
[SourceQuality "1"]

{[%evp 17,128,0,5,0,0,0,0,0,0,0,12,-25,0,-9,0,-1,0,0,0,0,11,0,-23,-27,-18,-19,-19,-38,-38,-38,-33,-164,-164,-153,-132,-140,0,-156,-157,-200,-166,-197,-194,-190,-145,-178,-156,-209,-149,-142,-110,-110,-110,-110,-118,-127,-126,-116,-26,-91,-91,-125,-129,-129,-122,-122,-113,-124,0,0,0,-122,-122,-129,-129,-129,-8,-8,-8,-8,-8,-8,-8,-8,0,-8,-8,-8,0,0,0,0,8,8,8,8,8,8,8,8,8,0,8,8,8,8,8,8,8,8,8,8,8]} 1. d4 d5 2. Nf3 Nf6 3. c4 e6 4. Nc3 c6 5. Bg5 h6 6. Bxf6 Qxf6 7. g3 dxc4 8. Bg2 Nd7 9. O-O Be7 10. Ne4 {D43: Semi-Slav: 5 Bg5 h6} (10. e3 O-O 11. Nd2 Nb6 12. a4 a5 13. f4 Bb4 14. Qe2 c5 15. dxc5 Bxc5 16. Nce4 Qe7 17. Nxc5 Qxc5 {½-½ (31) Van Wely,L (2695)-Giri,A (2773) Wijk aan Zee 2017}) 10... Qf5 11. Ned2 e5 12. Nxc4 exd4 13. Nxd4 Qf6 {[#]} 14. e4 $146 ({Predecessor:} 14. e3 O-O 15. Rc1 Rd8 16. Qh5 Bf8 17. Rfd1 {½-½ (17) Vinchev,S (2512)-Stalmach,K (2557) GER email 2016}) 14... O-O 15. Nf5 Bc5 16. Ncd6 Ne5 {Threatens to win with ...Rd8.} 17. Nxc8 Raxc8 18. Qc2 Bb6 19. Rad1 {And now Rd6 would win.} Rcd8 20. h3 Rxd1 21. Rxd1 Rd8 22. b3 Rxd1+ 23. Qxd1 g6 24. Ne3 (24. Qd6 $1 $15 Qxd6 25. Nxd6) 24... Bxe3 $1 $19 25. fxe3 Qg5 26. Kf2 Qf6+ 27. Kg1 h5 28. Bh1 c5 29. Qd5 b6 30. Bg2 Kh7 31. a4 Kg7 32. Kh1 (32. Bf1 $17) 32... Qe7 33. Kg1 a6 34. Bf1 Qg5 35. Kg2 h4 36. g4 Qf6 {( -> ...Qf3+)} 37. Be2 Nc6 ({Black should play} 37... a5 $1 $17 38. Qb7 Qd6) 38. g5 (38. e5 $11 Nxe5 39. Bxa6) 38... Qb2 $17 39. Kf3 Ne5+ $1 40. Kf2 {[#]} b5 $1 41. axb5 axb5 42. Kf1 {[#]} Qc1+ (42... c4 $1 $17 {[%cal Rc4b3][%mdl 512]} 43. b4 (43. bxc4 bxc4) 43... Kg8 44. Qd8+ Kh7) 43. Kf2 $11 Qb2 (43... Qc3 $11) 44. Kf1 $1 $17 {[#]} c4 $1 {[%cal Rc4b3][%mdl 512]} 45. bxc4 bxc4 46. Qd4 Qxd4 (46... Qb5 $17 47. Kg2 Qe8) 47. exd4 {[%mdl 4096] Endgame KB-KN. The position is equal.} c3 48. Ke1 $1 $132 {[%mdl 2048] White is not keeping still} Nc6 49. d5 Nd4 {...c2 is the strong threat.} 50. Bg4 f5 51. gxf6+ Kxf6 {aiming for ...Ke5.} 52. d6 $1 Ke5 53. d7 Nc6 54. Ke2 Nd8 55. Kd3 c2 56. Kxc2 Kxe4 57. Kc3 Ke5 58. Kc4 {Strongly threatening Kc5.} Kd6 59. Kb5 {Hoping for Kb6.} Kc7 60. Kc5 Nc6 61. Kd5 Nb8 62. Ke5 Nxd7+ 63. Bxd7 Kxd7 64. Kf6 Ke8 {Accuracy: White = 58%, Black = 57%.} 1/2-1/2

[Event "elllobregat Open-A 2019"]
[Site "El Prat de Llobregat"]
[Date "2019.12.09"]
[Round "7.15"]
[White "Lagarde, Maxime"]
[Black "Divya Deshmukh"]
[Result "1-0"]
[WhiteElo "2655"]
[BlackElo "2332"]
[Annotator "TA"]
[PlyCount "89"]
[EventDate "2019.12.03"]
[EventType "swiss"]
[EventCountry "ESP"]
[SourceTitle "playchess.com"]
[Source "ChessBase"]
[SourceQuality "1"]

{[%evp 9,89,6,31,7,16,-18,0,-34,15,0,0,0,20,21,34,-1,0,11,21,7,65,61,97,72,88,75,77,61,77,63,73,42,57,16,27,17,34,-133,45,33,34,27,57,55,141,148,155,142,179,175,185,129,167,156,150,162,193,139,146,179,241,218,210,179,336,331,264,314,315,220,663,660,645,627,672,664,693,688,720,687,670,657]} 1. b3 e5 2. Bb2 Nc6 3. e3 d5 4. Bb5 Bd6 5. Nf3 Bg4 6. Bxc6+ {A01: Nimzowitsch-Larsen Opening} (6. h3 Bxf3 7. Qxf3 Nf6 8. Bxc6+ bxc6 9. d3 O-O 10. Nd2 a5 11. a4 Re8 12. O-O Nd7 13. e4 Nb6 14. Rae1 Bb4 15. Re2 Bxd2 16. Rxd2 {1-0 (45) Svidler,P (2734)-Nielsen,P (2700) Copenhagen 2010}) 6... bxc6 7. d3 $146 ({Predecessor:} 7. h3 Bxf3 8. Qxf3 Nf6 9. Nc3 O-O 10. O-O-O Qe7 11. g4 h6 12. h4 e4 13. Qh3 Qe6 {1-0 (43) Vasiu,H (1132)-Iorga,M (1042) Calimanesti Caciulata 2016}) 7... Ne7 8. Nbd2 {The position is equal.} (8. h3 $5 {[%cal Rh3g4]} Bxf3 9. Qxf3 $11) 8... Qc8 9. c4 f6 10. Qc2 {Threatens to win with c5.} Bb4 11. O-O O-O 12. Bc3 (12. a3 $5 {[%cal Ra3b4]} Bxd2 13. Nxd2 $14) 12... Bxc3 13. Qxc3 Qd7 14. Rfc1 Rfd8 (14... d4 $11 15. exd4 exd4 16. Qxd4 Qxd4 17. Nxd4 Rad8) 15. cxd5 $14 Qxd5 16. d4 {[%cal Rd4e5]} e4 17. Ne1 a5 18. Qc4 Qxc4 19. Rxc4 f5 20. f3 exf3 21. gxf3 Bh5 22. Nd3 Bf7 23. f4 $2 (23. Rc5 $14 {stays ahead.}) 23... Nd5 $2 ({Black should try} 23... Bxc4 $17 24. bxc4 Rdb8) 24. Kf2 $36 {[%mdl 2048] White is more active.} Nf6 25. Rc5 Rd5 26. h3 Ne4+ (26... a4 $14) 27. Nxe4 $16 fxe4 {[#]} 28. Rxd5 $1 Bxd5 {[%mdl 4096] Endgame [#] KRB-KRN} 29. Nc5 $1 Kf7 30. Ke2 (30. h4 $18) 30... Rg8 31. Rg1 h6 32. h4 Kf6 33. Kd2 (33. h5 $18) 33... Kf5 34. Na6 c5 (34... a4 {might work better.}) 35. Nxc5 g6 36. Kc3 Rb8 $2 (36... Rd8 37. Kb2 Rd6) 37. Nd7 $18 Ra8 38. Ne5 Ra6 39. Ng4 h5 $2 (39... g5 40. hxg5 hxg5) 40. Ne5 {Rg5+ is the strong threat.White is clearly winning.} Rf6 41. Rg5+ Ke6 42. Nxg6 Kd6 43. Ne5 a4 44. Nc4+ Kc6 45. bxa4 {Accuracy: White = 56%, Black = 22%.} 1-0

[Event "elllobregat Open-A 2019"]
[Site "El Prat de Llobregat"]
[Date "2019.12.09"]
[Round "7.16"]
[White "Minero Pineda, Sergio"]
[Black "Karthikeyan, Murali"]
[Result "0-1"]
[WhiteElo "2381"]
[BlackElo "2611"]
[Annotator "TA"]
[PlyCount "120"]
[EventDate "2019.12.03"]
[EventType "swiss"]
[EventCountry "ESP"]
[SourceTitle "playchess.com"]
[Source "ChessBase"]
[SourceQuality "1"]

{[%evp 20,120,44,26,28,26,20,24,24,12,27,20,18,0,11,-14,0,-20,-22,-31,-20,-31,-31,-31,-26,-22,-22,-23,-18,-31,-14,-14,0,0,0,-35,-16,-37,-18,-50,-34,-39,-23,-68,-31,-73,-52,-94,-94,-96,-83,-85,-99,-100,-119,-212,-209,-270,-196,-287,-278,-340,-78,-78,0,-348,-350,-349,-351,-483,-407,-355,-417,-436,-430,-418,-355,-445,-402,-647,-647,-647,-646,-797,-752,-876,-679,-677,-640,-693,-891,-882,-881,-879,-723,-735,-675,-666,-677,-660,-624,-593,-445]} 1. d4 Nf6 2. c4 g6 3. Nc3 Bg7 4. e4 d6 5. Bd3 O-O 6. Nge2 e5 7. d5 Nbd7 8. O-O Nh5 9. Be3 f5 10. exf5 gxf5 11. f4 exf4 {E70: King's Indian: Miscellaneous lines with 4 e4, including 5 Nge2 and 5 Bd3 0-0 6 Nge2} 12. Nxf4 Nxf4 13. Bxf4 Ne5 {White has an edge.} 14. Qd2 Bd7 15. Rae1 Qf6 16. Kh1 Rae8 17. Nd1 a6 18. Be2 Ng6 $146 ({Predecessor:} 18... Kh8 19. b3 {1-0 (62) Tunik,G (2530)-Iskusnyh,S (2425) Orel 1995}) 19. Bg5 Qd4 20. Be3 Qxd2 21. Bxd2 f4 22. b3 Bf5 23. Nf2 Bd4 24. Bd3 {Threatens to win with Rxe8.} Rxe1 25. Bxe1 Bd7 26. Ne4 Ne5 27. Be2 Bf5 $36 {[%mdl 2048] White is under pressure.} 28. Bc3 Be3 29. Bxe5 Bxe4 30. Bc3 c6 31. Bg4 {Be6+ is the strong threat.} h6 32. dxc6 bxc6 33. Bf3 d5 34. Rd1 Bc2 35. Re1 d4 $1 {[%cal Rd4c3]} 36. Bb4 Rf6 37. Bd1 (37. Rf1 $17) 37... d3 $19 38. Rf1 Kh7 39. h3 (39. Bc3 $142 Rf7 40. Bg4) 39... Kg6 40. Kh2 Kf5 $2 (40... Bxd1 $19 {is more deadly.} 41. Rxd1 d2 $1 {[%mdl 576] Deflection} 42. Bxd2 Rd6 43. Bxe3 Rxd1 44. Bxf4 Ra1) 41. Bg4+ $17 {[#]} Kg6 $2 {[%mdl 8192]} (41... Ke4 $1 $17 42. Bc3 Rd6 43. Bf3+ Kf5 44. g4+ Kg5) 42. Bd1 $1 $19 Bxd1 43. Rxd1 {[%mdl 4096] Endgame [#] KRB-KRB} d2 $1 {[%mdl 512]} 44. Bc3 (44. Bxd2 Rd6) 44... Rf7 45. Bxd2 Rd7 46. Bxe3 Rxd1 47. Bxf4 {KR-KB} Ra1 48. a4 Rb1 49. c5 (49. a5 $142 Rxb3 50. Bd6) 49... Rxb3 {Black is clearly winning.} 50. Bc7 Rc3 51. Bb6 h5 52. a5 Kf5 53. Ba7 h4 54. Bb6 Rc1 55. Ba7 Ke6 56. Bb6 Ke7 57. Ba7 Ra1 58. Bb6 Kd7 59. g4 Ra2+ 60. Kg1 Rc2 {Accuracy: White = 45%, Black = 60%.} 0-1

[Event "elllobregat Open-A 2019"]
[Site "El Prat de Llobregat"]
[Date "2019.12.09"]
[Round "7.17"]
[White "Harsha Bharathakoti"]
[Black "Bhambure, Shantanu"]
[Result "1/2-1/2"]
[WhiteElo "2523"]
[BlackElo "2340"]
[Annotator "TA"]
[PlyCount "81"]
[EventDate "2019.12.03"]
[EventType "swiss"]
[EventCountry "ESP"]
[SourceTitle "playchess.com"]
[Source "ChessBase"]
[SourceQuality "1"]

{[%evp 11,81,15,25,0,0,2,16,0,10,0,13,-23,-22,-12,0,0,0,0,0,0,0,0,0,0,0,0,0,-14,-11,-11,-11,-11,-13,-8,-19,-7,-16,-22,0,0,0,0,7,7,6,16,19,0,0,0,0,0,0,0,0,-17,-9,-63,0,0,0,0,0,0,0,0,0,0,0,0,0,0]} 1. e4 c5 2. Nf3 d6 3. d4 cxd4 4. Nxd4 Nf6 5. Nc3 a6 6. g3 e5 7. Nf3 {B91: Sicilian Najdorf: 6 g3} Be7 8. Nh4 g6 9. Bg2 O-O 10. a4 Bg4 11. Qd3 Nc6 $146 ({Predecessor:} 11... Nbd7 12. Bh6 Re8 13. O-O Be6 14. h3 Rc8 {1-0 (43) Bacrot,E (2718)-Riff,J (2503) Karlsruhe 2018}) 12. Bh6 Nb4 13. Qd2 Re8 14. O-O Rc8 15. h3 Be6 16. Rfd1 Qd7 17. Kh2 Red8 18. Bg5 Ne8 19. Nf3 Qc7 20. a5 d5 {[#] aiming for ...dxe4.} 21. Bxe7 Qxe7 22. exd5 Nxd5 23. Nxd5 Bxd5 24. Qe2 f6 25. Rd2 Qc7 26. Rad1 Bf7 ({Don't blunder} 26... Qxa5 $2 {[#]} 27. b4 $1 $18 {[%mdl 512]}) 27. Rxd8 Rxd8 28. Rxd8 Qxd8 29. Qd2 Qc7 30. b3 Nd6 31. Qb4 Bd5 32. c4 Bc6 $1 33. Nh4 Ne4 34. Qe1 (34. Bxe4 $11 Bxe4 35. Qd2) 34... f5 (34... Ng5 $15) 35. Nf3 $11 {The position is equal.} Kf7 36. Kg1 Qd6 37. b4 Kf6 38. Qa1 h6 39. Qb2 Bd7 40. Kh2 Be8 41. Bf1 {Accuracy: White = 73%, Black = 69%.} 1/2-1/2

[Event "elllobregat Open-A 2019"]
[Site "El Prat de Llobregat"]
[Date "2019.12.09"]
[Round "7.18"]
[White "Jerez Perez, Alfonso"]
[Black "Arizmendi Martinez, Julen Luis"]
[Result "1/2-1/2"]
[WhiteElo "2369"]
[BlackElo "2511"]
[Annotator "TA"]
[PlyCount "96"]
[EventDate "2019.12.03"]
[EventType "swiss"]
[EventCountry "ESP"]
[SourceTitle "playchess.com"]
[Source "ChessBase"]
[SourceQuality "1"]

{[%evp 15,96,24,36,17,23,0,42,0,0,0,0,0,2,16,0,-10,-12,-12,0,-25,-19,-23,-24,-34,-23,-31,-29,-106,-89,-90,-33,-33,-43,-91,-33,-35,-38,-48,-37,-40,-37,-57,-46,-51,-47,-51,-51,-51,-44,-51,-51,-69,-43,-60,-54,-62,-67,-68,-49,-68,-20,-73,-77,-79,-60,-79,-79,-81,-81,-81,-75,-76,-66,-61,-61,-61,-61,-81,0,-81,-81,-84,0]} 1. e4 c5 2. Nf3 Nc6 3. c3 Nf6 4. e5 Nd5 5. Bc4 Nb6 6. Bb3 c4 7. Bc2 d6 8. exd6 Qxd6 9. b3 {B22: Sicilian: 2 c3} (9. O-O Bg4 10. Re1 e6 11. b3 Be7 12. Na3 cxb3 13. axb3 Qd7 14. Nc4 Nxc4 15. bxc4 O-O 16. d4 Rfd8 17. Be4 {½-½ (49) Zhigalko,S (2604)-Carlsen,M (2835) St Petersburg 2018}) 9... Bg4 10. Qe2 Qf4 $146 (10... Nd5 {with more complications.} 11. O-O Nf4 12. Qe3 Nd5 13. Qe2) ({Predecessor:} 10... Qe6 11. Na3 Qxe2+ 12. Kxe2 Ne5 13. Nxc4 Nbxc4 14. bxc4 Bxf3+ 15. gxf3 Nxc4 16. Ba4+ Kd8 {1-0 (47) Bondar,Y (2370)-Kraemer,M (2566) Switzerland 2016}) 11. Na3 {[%cal Rb3c4] White is slightly better.} (11. Be4 {keeps more tension.} Ne5 12. Na3 Nd3+ 13. Kf1 Bf5 14. Bxf5 Qxf5 15. Nxc4 Nxc4 16. bxc4 e5 17. Nxe5 Nxe5 18. d4) 11... Bxf3 12. Qxf3 Qxf3 13. gxf3 cxb3 14. axb3 e6 15. d4 Nd5 $36 {[%mdl 2048] White is under pressure.} 16. Bd2 Rc8 17. Bd3 Bd6 18. Nc4 Bb8 19. O-O O-O 20. Rfc1 Rfd8 21. Na5 (21. Be4 $11 {remains equal.}) 21... Nxa5 22. Rxa5 Bf4 (22... b6 $17 23. Ra4 Bf4 24. Bxf4 Nxf4) 23. Rxd5 $1 $15 Bxd2 24. Rxd8+ Rxd8 {[%mdl 4096] Endgame KRB-KRB} 25. Rc2 Bf4 26. h3 Rc8 27. Kf1 g6 28. Bc4 Bd6 29. Bd3 Kg7 30. b4 b6 31. b5 f5 32. Kg2 Kf6 33. Kf1 Bf4 34. Kg2 e5 35. dxe5+ Bxe5 36. c4 Bd4 37. Be2 Re8 38. Kf1 (38. f4 $11) 38... Bc5 $17 39. Rd2 Re7 40. Kg2 Kg5 41. Kf1 h5 42. Kg2 Bb4 43. Rb2 Ba5 44. Ra2 Bc3 45. Rc2 Bd4 46. Ra2 Bc5 47. Rd2 $1 Re6 48. Kf1 Re7 {Accuracy: White = 44%, Black = 51%.} (48... Rd6 $17 49. Ra2 Kh4) 1/2-1/2